| 000 | 00896cam a2200313 4500 | ||
|---|---|---|---|
| 999 |
_c5906 _d5906 |
||
| 001 | 802537 | ||
| 003 | OCoLC | ||
| 005 | 20251127105603.0 | ||
| 008 | 120924r20092008enka 000 f eng | ||
| 020 | _a9780747594802 (pbk.) | ||
| 040 |
_aUKM _cUKM _dYDXCP _dOCLCQ _dPVY _dKH8 |
||
| 041 | _aeng | ||
| 042 | _anbic | ||
| 082 | _aFIC GAI | ||
| 100 | 1 |
_aGaiman, Neil, _eauthor. |
|
| 245 | 1 | 4 |
_aThe graveyard book / _cby Neil Gaiman ; illustrated by Dave McKean. |
| 260 |
_aLondon : _bBloomsbury, _c2009. |
||
| 300 |
_a312 p. : _bill. ; _c20 cm. |
||
| 500 | _aOriginally published: 2008. | ||
| 650 | 0 |
_aCemeteries _vFiction. |
|
| 650 | 0 |
_aOrphans _vFiction. |
|
| 650 | 0 |
_aSupernatural _vFiction. |
|
| 650 | 0 |
_aSupernatural _vFiction. |
|
| 650 | 0 |
_aCemeteries _vFiction. |
|
| 650 | 0 |
_aOrphans _vFiction. |
|
| 655 | 7 | _aGhost stories. | |
| 700 | 1 |
_aMcKean, Dave, _eillustrator. |
|
| 942 |
_2ddc _cFIC |
||